Kanye West - Ghost Town - Lyrics - Statistics

General Stats
  • This quiz has been taken 289 times
    257 since last reset
  • The average score is 223 of 325
Answer Stats
Kanye Lyric % Correct
I
100%
a
97%
on
96%
we
94%
go
93%
3x Someday
92%
someday
92%
be
89%
to
89%
do
88%
the
88%
you
83%
You
83%
wear
82%
like
81%
Every
78%
of
78%
Of
78%
free
77%
still
77%
Wanna
77%
wanna
77%
my
76%
feel
75%
if
75%
me
75%
put
75%
see
75%
all
74%
did
74%
down
74%
hand
74%
lay
74%
make
74%
No
74%
everything
73%
god
73%
it
73%
stove
73%
Sunday
73%
anymore
72%
bleed
72%
kids
72%
kinda
72%
not
72%
try
72%
used
72%
and
71%
And
71%
hurts
71%
nothing
71%
gon'
70%
love
70%
take
70%
been
69%
But
69%
but
69%
tryin'
69%
from
68%
just
68%
further
66%
this
66%
This
66%
yeah
66%
Yeah
66%
I've
65%
off
65%
We're
64%
takes
63%
let
61%
that
61%
crown
60%
know
60%
don't
58%
in
58%
set
58%
again
57%
Baby
57%
once
57%
wine
57%
bet
56%
I'm
56%
get
55%
have
54%
one
54%
am
53%
fentanyl
53%
they
53%
They
53%
way
53%
starry
52%
child
51%
drank
51%
pack
51%
talk
51%
think
49%
wrote
48%
five
47%
four
47%
might
47%
three
47%
two
46%
shine
45%
oh
44%
Sometimes
41%
time
41%
behind
39%
day
39%
Whoa
39%
gone
36%
maybe
34%
what
34%
hit
33%
mind
33%
naked
33%
2x hold up
32%
I'll
32%
marijuana
32%
space
32%
Back
31%
between
31%
rope
31%
2x Somedays
31%
somedays
31%
half
30%
smokin'
30%
Years
29%
Caught
28%
ahead
27%
minds
27%
everybody
26%
red
26%
dot
25%
had
25%
remembered
24%
truths
24%
drama'll
21%
tell
19%
song
17%
they'll
17%
play
16%
whatever
16%
high
15%
livin'
15%
2x mmm
15%
Burning
12%
live
8%
everthing
5%
die
3%
No matching quizzes found
Score Distribution
Percent of People with Each Score
Percentile by Number Answered
Your Score History
You have not taken this quiz since the last reset